[Event "Corsica Masters op"]
[Site "Bastia"]
[Date "2005.11.01"]
[Round "4"]
[White "Kogan, Artur"]
[Black "Templier, Nicolas"]
[Result "1-0"]
[WhiteElo "2574"]
[BlackElo "2275"]
[PlyCount "37"]
[EventDate "2005.10.30"]
[EventType "swiss (rapid)"]
[EventRounds "7"]
[EventCountry "FRA"]
[SourceTitle "EXT 2006"]
[Source "ChessBase"]
[SourceDate "2005.11.24"]
[SourceVersion "1"]
[SourceVersionDate "2005.11.24"]
[SourceQuality "1"]

1. d4 Nf6 2. Nf3 e6 3. e3 c5 4. Bd3 Nc6 5. 0-0 Be7 6. b3 0-0 7. Bb2 b6 8. Nbd2 cxd4 9. exd4 Bb7 10. Re1 Rc8 11. c4 d5 12. Qe2 Qd6 13. Rac1 dxc4 14. bxc4 Rfd8 15. Bb1 Ba6 16. c5 bxc5 17. Qxa6 cxd4 18. Ne4 Qd7 19. Nxd4 1-0

[Event "Paris-ch"]
[Site "Paris"]
[Date "2005.07.16"]
[Round "8"]
[White "Templier, Nicolas"]
[Black "Struk, Jerzy"]
[Result "1-0"]
[WhiteElo "2290"]
[BlackElo "2232"]
[PlyCount "77"]
[EventDate "2005.07.10"]
[EventType "swiss"]
[EventRounds "9"]
[EventCountry "FRA"]
[SourceTitle "CBM 107 Extra"]
[Source "ChessBase"]
[SourceDate "2005.09.01"]
[SourceVersion "1"]
[SourceVersionDate "2005.09.01"]
[SourceQuality "1"]

1. d4 Nf6 2. c4 e6 3. Nc3 Bb4 4. e3 0-0 5. Bd3 d5 6. Nf3 b6 7. 0-0 Bb7 8. cxd5 exd5 9. Qc2 Nbd7 10. a3 Be7 11. Ne5 a6 12. Bd2 c5 13. Rad1 b5 14. Nxd7 Qxd7 15. dxc5 Qc6 16. Ne2 Qxc5 17. Bb4 Qxc2 18. Bxc2 Bxb4 19. axb4 Rfd8 20. Bb3 Kf8 21. h4 Rac8 22. Rd4 Ke7 23. Ra1 Rc7 24. Nc3 h5 25. f3 Rcd7 26. Rad1 Rh8 27. Kf2 Rhd8 28. Kg3 Rd6 29. Kf4 Rh8 30. e4 Rdd8 31. e5 Nd7 32. Bxd5 Bc8 33. Bb3 Rh6 34. Ne4 Rf8 35. Rc1 f6 36. e6 g5+ 37. Ke3 f5 38. exd7 Bxd7 39. Nxg5 1-0

[Event "Paris-ch"]
[Site "Paris"]
[Date "2005.07.10"]
[Round "2"]
[White "Templier, Nicolas"]
[Black "Gonzalez Diaz, Julio"]
[Result "1/2-1/2"]
[WhiteElo "2290"]
[BlackElo "2237"]
[PlyCount "45"]
[EventDate "2005.07.10"]
[EventType "swiss"]
[EventRounds "9"]
[EventCountry "FRA"]
[SourceTitle "CBM 107 Extra"]
[Source "ChessBase"]
[SourceDate "2005.09.01"]
[SourceVersion "1"]
[SourceVersionDate "2005.09.01"]
[SourceQuality "1"]

1. d4 d6 2. Nf3 g6 3. c4 Bg7 4. g3 Nc6 5. Bg2 e5 6. d5 Nce7 7. e4 Bg4 8. h3 Bxf3 9. Qxf3 f5 10. exf5 Nxf5 11. Nc3 Nf6 12. 0-0 0-0 13. Qd3 Bh6 14. Bxh6 Nxh6 15. Rae1 Nf7 16. h4 Qd7 17. Ne4 Nxe4 18. Rxe4 Nh6 19. Qd2 Nf5 20. Kh2 Qg7 21. Bh3 Rf6 22. f4 Nd4 23. Bg2 1/2-1/2

[Event "Paris-ch"]
[Site "Paris"]
[Date "2005.07.09"]
[Round "1"]
[White "Drasko, Milan"]
[Black "Templier, Nicolas"]
[Result "1-0"]
[WhiteElo "2516"]
[BlackElo "2290"]
[PlyCount "47"]
[EventDate "2005.07.10"]
[EventType "swiss"]
[EventRounds "9"]
[EventCountry "FRA"]
[SourceTitle "CBM 107 Extra"]
[Source "ChessBase"]
[SourceDate "2005.09.01"]
[SourceVersion "1"]
[SourceVersionDate "2005.09.01"]
[SourceQuality "1"]

1. Nf3 Nf6 2. g3 d5 3. Bg2 c6 4. 0-0 g6 5. b3 Bg7 6. Bb2 0-0 7. c4 Re8 8. d4 Ne4 9. e3 Bg4 10. Qc2 Bxf3 11. Bxf3 f5 12. Bg2 Nd7 13. f3 Nd6 14. Nd2 Nf6 15. Rae1 Qd7 16. Re2 Rad8 17. Rfe1 Rf8 18. a4 Rf7 19. c5 Nde8 20. b4 Nc7 21. Nb3 a6 22. Nc1 Nfe8 23. Nd3 e6 24. h4 1-0

[Event "FRA-chT Top 16 GpB"]
[Site "Cannes"]
[Date "2005.04.02"]
[Round "6.1"]
[White "Almasi, Zoltan"]
[Black "Templier, Nicolas"]
[Result "1-0"]
[WhiteElo "2628"]
[BlackElo "2299"]
[PlyCount "87"]
[EventDate "2005.03.31"]
[EventType "team-tourn"]
[EventRounds "7"]
[EventCountry "FRA"]
[SourceTitle "CBM 105 Extra"]
[Source "ChessBase"]
[SourceDate "2005.05.01"]
[SourceVersion "1"]
[SourceVersionDate "2005.05.01"]
[SourceQuality "1"]
[WhiteTeam "Monaco"]
[BlackTeam "Vandoeuvre"]
[WhiteTeamCountry "MNC"]
[BlackTeamCountry "FRA"]

1. e4 c5 2. Nf3 d6 3. d4 cxd4 4. Nxd4 Nf6 5. Nc3 Nc6 6. Bg5 e6 7. Qd2 a6 8. 0-0-0 h6 9. Be3 Bd7 10. f3 b5 11. Kb1 Ne5 12. Bd3 b4 13. Nce2 d5 14. exd5 Nxd5 15. Nf4 Nxf4 16. Bxf4 Nxd3 17. Qxd3 Be7 18. Rhe1 0-0 19. Nf5 exf5 20. Qxd7 Qxd7 21. Rxd7 Bc5 22. Rd5 Rac8 23. Rxf5 Rfd8 24. Kc1 Bd4 25. Re7 Bf6 26. Re4 Bd4 27. Be3 g6 28. Ra5 Bxe3+ 29. Rxe3 Rc6 30. b3 Kg7 31. Rae5 Kf6 32. R5e4 Rdc8 33. Re2 a5 34. Rf4+ Kg7 35. Rd4 R8c7 36. Rd5 Ra6 37. Ree5 Rac6 38. c4 bxc3 39. Rxa5 f6 40. Re2 Rd6 41. Kc2 Rd4 42. Ra8 Kf7 43. Rh8 Kg7 44. Rhe8 1-0

[Event "FRA-chT Top 16 GpB"]
[Site "Cannes"]
[Date "2005.02.04"]
[Round "1.8"]
[White "Templier, Nicolas"]
[Black "Delorme, Alban"]
[Result "1-0"]
[WhiteElo "2299"]
[BlackElo "2258"]
[PlyCount "115"]
[EventDate "2005.03.31"]
[EventType "team-tourn"]
[EventRounds "7"]
[EventCountry "FRA"]
[SourceTitle "CBM 106"]
[Source "ChessBase"]
[SourceDate "2005.06.06"]
[SourceVersion "1"]
[SourceVersionDate "2005.06.06"]
[SourceQuality "1"]
[WhiteTeam "Vandoeuvre"]
[BlackTeam "Sautron"]
[WhiteTeamCountry "FRA"]
[BlackTeamCountry "FRA"]

1. d4 Nf6 2. c4 e6 3. Nc3 d5 4. Nf3 Be7 5. Bg5 0-0 6. e3 b6 7. Be2 Bb7 8. Bxf6 Bxf6 9. cxd5 exd5 10. b4 c5 11. bxc5 bxc5 12. Rb1 Bc6 13. 0-0 Nd7 14. Bb5 Qc7 15. Qc2 a6 16. Bxc6 Qxc6 17. Rfc1 cxd4 18. Nxd4 Bxd4 19. exd4 Rac8 20. Qf5 Qe6 21. Nxd5 Rxc1+ 22. Rxc1 Qd6 23. g3 Nb6 24. Nxb6 Qxb6 25. d5 g6 26. Qe4 Rd8 27. Rd1 Kg7 28. Kg2 Qd6 29. Rd3 Rd7 30. Qd4+ Qf6 31. Qe4 Qd6 32. a4 Rd8 33. h3 Rd7 34. Qd4+ Qf6 35. Qe4 Qd6 36. g4 h6 37. Qd4+ Qf6 38. Qe4 Qd6 39. Rd1 Qf6 40. Rd2 Re7 41. Qc4 Rd7 42. Qe4 Re7 43. Qd4 Rd7 44. f4 Qxd4 45. Rxd4 Kf6 46. Kf3 Ke7 47. Ke4 Rb7 48. Rc4 a5 49. g5 hxg5 50. fxg5 Rb3 51. Rc7+ Kd6 52. Rc6+ Ke7 53. h4 Rh3 54. Ke5 Re3+ 55. Kd4 Rh3 56. Kc5 Rxh4 57. Rc7+ Ke8 58. Kd6 1-0

[Event "FRA-ch Accession"]
[Site "Val d'Isere"]
[Date "2004.08.??"]
[Round "3"]
[White "Templier, Nicolas"]
[Black "Cornette, Matthieu"]
[Result "1/2-1/2"]
[WhiteElo "2274"]
[BlackElo "2393"]
[PlyCount "52"]
[EventDate "2004.08.16"]
[EventType "swiss"]
[EventRounds "11"]
[EventCountry "FRA"]
[SourceTitle "CBM 103 Extra"]
[Source "ChessBase"]
[SourceDate "2005.01.01"]
[SourceVersion "1"]
[SourceVersionDate "2005.01.01"]
[SourceQuality "1"]

1. d4 g6 2. c4 Bg7 3. Nc3 c5 4. d5 d6 5. e4 e6 6. Bd3 exd5 7. cxd5 a6 8. a4 Ne7 9. Nge2 0-0 10. 0-0 Nd7 11. Kh1 Ne5 12. Bc2 f5 13. f4 Nf7 14. Ng3 Nh6 15. e5 dxe5 16. fxe5 Ng4 17. Bf4 Nxe5 18. Qe2 Nf7 19. Bb3 Nd6 20. Bg5 Rf7 21. Rae1 Kf8 22. Nge4 fxe4 23. Nxe4 Bf5 24. Nxc5 Kg8 25. Bxe7 Qb6 26. Bxd6 Qxd6 1/2-1/2

[Event "Paris-ch"]
[Site "Paris"]
[Date "2004.07.10"]
[Round "8"]
[White "Templier, Nicolas"]
[Black "Kveinys, Aloyzas"]
[Result "0-1"]
[WhiteElo "2274"]
[BlackElo "2565"]
[PlyCount "78"]
[EventDate "2004.07.03"]
[EventType "swiss"]
[EventRounds "9"]
[EventCountry "FRA"]
[SourceTitle "CBM 101 Extra"]
[Source "ChessBase"]
[SourceDate "2004.09.01"]
[SourceVersion "2"]
[SourceVersionDate "2004.09.01"]
[SourceQuality "1"]

1. d4 Nf6 2. c4 e6 3. Nc3 Bb4 4. e3 0-0 5. Bd3 d5 6. Nge2 b6 7. cxd5 exd5 8. 0-0 Re8 9. a3 Bd6 10. Ng3 Bb7 11. Qc2 a6 12. b4 h5 13. f3 Bf8 14. Qf2 c5 15. bxc5 bxc5 16. Bd2 Nbd7 17. Rfc1 g6 18. Na4 c4 19. Bc2 Bc6 20. Nc3 Rb8 21. Ra2 Bd6 22. Re1 Qc7 23. Nf1 Nf8 24. Kh1 Ne6 25. h3 Qa7 26. Bc1 Bf8 27. Rd1 Nc7 28. Qg3 Nb5 29. Nb1 Qd7 30. a4 Nd6 31. Nc3 Bh6 32. Ba3 Nf5 33. Bxf5 Qxf5 34. Bd6 Rb3 35. Qe1 Qe6 36. Be5 Nd7 37. Qd2 Nxe5 38. dxe5 Qxe5 39. Nxd5 Rd3 0-1

[Event "Paris-ch"]
[Site "Paris"]
[Date "2004.07.07"]
[Round "5"]
[White "Kirszenberg, Marc"]
[Black "Templier, Nicolas"]
[Result "0-1"]
[WhiteElo "2222"]
[BlackElo "2274"]
[PlyCount "116"]
[EventDate "2004.07.03"]
[EventType "swiss"]
[EventRounds "9"]
[EventCountry "FRA"]
[SourceTitle "CBM 101 Extra"]
[Source "ChessBase"]
[SourceDate "2004.09.01"]
[SourceVersion "2"]
[SourceVersionDate "2004.09.01"]
[SourceQuality "1"]

1. d4 Nf6 2. c4 e6 3. Nc3 Bb4 4. f3 d5 5. a3 Bxc3+ 6. bxc3 c5 7. cxd5 Nxd5 8. Qd3 b6 9. e4 Ba6 10. Qd2 Bxf1 11. Kxf1 Ne7 12. dxc5 Nd7 13. cxb6 axb6 14. Ne2 Qc7 15. g3 Ne5 16. Kg2 0-0 17. Qc2 Rfd8 18. Rd1 Qc5 19. a4 Nc4 20. Nd4 e5 21. Nb5 h6 22. Ra2 Rac8 23. Rxd8+ Rxd8 24. Qf2 Qc8 25. Be3 Qe6 26. Re2 Rd3 27. Bc1 Qd7 28. Be3 Qb7 29. Bc1 Nc6 30. Ba3 Qa6 31. Bb4 Nxb4 32. cxb4 Qxa4 33. Nc7 Qxb4 34. Nd5 Qc5 35. Qxc5 bxc5 36. Rc2 Rd2+ 37. Rxd2 Nxd2 38. Kf2 f6 39. Ke2 Nb3 40. Kd3 Nd4 41. f4 Kf7 42. Kc4 Nf3 43. h3 Ke6 44. Kxc5 Nd2 45. Nc3 g6 46. Kc6 exf4 47. gxf4 g5 48. f5+ Ke5 49. Kd7 h5 50. Ke7 g4 51. hxg4 hxg4 52. Kf7 g3 53. Ne2 g2 54. Ng1 Nxe4 55. Kg6 Ng5 56. Kh5 Kxf5 57. Kh4 Kf4 58. Kh5 Ke3 0-1

[Event "Paris-ch"]
[Site "Paris"]
[Date "2004.07.06"]
[Round "4"]
[White "Templier, Nicolas"]
[Black "Golubev, Mikhail"]
[Result "0-1"]
[WhiteElo "2274"]
[BlackElo "2531"]
[PlyCount "60"]
[EventDate "2004.07.03"]
[EventType "swiss"]
[EventRounds "9"]
[EventCountry "FRA"]
[SourceTitle "CBM 101 Extra"]
[Source "ChessBase"]
[SourceDate "2004.09.01"]
[SourceVersion "2"]
[SourceVersionDate "2004.09.01"]
[SourceQuality "1"]

1. d4 Nf6 2. c4 g6 3. g3 Bg7 4. Bg2 0-0 5. Nf3 d6 6. 0-0 Nbd7 7. Nc3 e5 8. e4 c6 9. h3 Qa5 10. Re1 exd4 11. Nxd4 Ne5 12. Bf1 Re8 13. Rb1 Be6 14. Nxe6 Rxe6 15. b4 Qc7 16. f4 Ned7 17. Qd3 a6 18. Bg2 Rae8 19. Be3 Nh5 20. Bf2 Qd8 21. Rbd1 Qe7 22. e5 dxe5 23. Qxd7 Qxb4 24. Ne4 exf4 25. Rb1 Qxc4 26. Nd6 Rxe1+ 27. Bxe1 Qd4+ 28. Bf2 Qxf2+ 29. Kxf2 Bd4+ 30. Kf3 Re3+ 0-1

[Event "Paris-ch"]
[Site "Paris"]
[Date "2004.07.04"]
[Round "2"]
[White "Templier, Nicolas"]
[Black "Shirazi, Kamran"]
[Result "0-1"]
[WhiteElo "2274"]
[BlackElo "2394"]
[PlyCount "136"]
[EventDate "2004.07.03"]
[EventType "swiss"]
[EventRounds "9"]
[EventCountry "FRA"]
[SourceTitle "CBM 101 Extra"]
[Source "ChessBase"]
[SourceDate "2004.09.01"]
[SourceVersion "2"]
[SourceVersionDate "2004.09.01"]
[SourceQuality "1"]

1. d4 Nf6 2. c4 d6 3. Nf3 Nbd7 4. g3 e5 5. Bg2 g6 6. Nc3 Bg7 7. 0-0 0-0 8. e4 Re8 9. h3 exd4 10. Nxd4 Nc5 11. Re1 Bd7 12. Rb1 h5 13. Bg5 Qc8 14. Kh2 Ne6 15. Nxe6 Bxe6 16. Nd5 Nh7 17. Bf4 c6 18. Ne3 Rd8 19. Bxd6 h4 20. f4 hxg3+ 21. Kg1 Bxh3 22. e5 Nf8 23. Qf3 Bxg2 24. Kxg2 Ne6 25. Rh1 Nd4 26. Qe4 c5 27. Nd5 Rd7 28. Ne7+ Rxe7 29. Bxe7 b6 30. Bh4 Rb8 31. Bxg3 Qa6 32. Bf2 Ne6 33. Rh3 Rd8 34. Ra3 Qc8 35. Rxa7 Nd4 36. Ra3 Bf8 37. Rh1 Ne6 38. Rah3 Bg7 39. Be3 Nd4 40. Bf2 Ne6 41. Ra3 Re8 42. Rd3 Nf8 43. Bh4 Ne6 44. Kf1 Nd4 45. Bf2 Ne6 46. b3 Nf8 47. Qf3 Qf5 48. a4 Ne6 49. Rh4 Nd4 50. Bxd4 cxd4 51. Rxd4 Bxe5 52. Re4 Kg7 53. Kg2 Bf6 54. Rxe8 Bxh4 55. Re2 Bf6 56. Kf1 Bd4 57. Re4 Bf6 58. Ke2 Qd7 59. Qd3 Qg4+ 60. Qf3 Qd7 61. f5 gxf5 62. Qg3+ Kh6 63. Re3 Bg5 64. Rd3 Qe7+ 65. Kd1 f6 66. Rd5 Qe4 67. Qd3 Qh1+ 68. Kc2 Qc1# 0-1

[Event "FRA-chT Poule Basse"]
[Site "Belfort"]
[Date "2004.05.08"]
[Round "8"]
[White "Aguettaz, Maxime"]
[Black "Templier, Nicolas"]
[Result "1-0"]
[WhiteElo "2344"]
[BlackElo "2281"]
[PlyCount "115"]
[EventDate "2004.05.08"]
[EventType "team-tourn"]
[EventRounds "4"]
[EventCountry "FRA"]
[SourceTitle "EXT 2005"]
[Source "ChessBase"]
[SourceDate "2004.11.15"]
[SourceVersion "1"]
[SourceVersionDate "2004.11.15"]
[SourceQuality "1"]
[WhiteTeam "Orange"]
[BlackTeam "Vandoeuvre"]
[WhiteTeamCountry "FRA"]
[BlackTeamCountry "FRA"]

1. Nf3 Nf6 2. g3 d5 3. c4 c6 4. Bg2 g6 5. b3 Bg7 6. Bb2 Qb6 7. Qc2 Bf5 8. d3 dxc4 9. Qxc4 0-0 10. 0-0 Nbd7 11. Nbd2 h6 12. Rac1 Qd8 13. Rfd1 Nb6 14. Qc2 Qc8 15. e4 Bh3 16. Bh1 Rd8 17. d4 Qe6 18. Ne5 Ng4 19. Nd3 g5 20. Nc5 Qf6 21. Nf3 Rab8 22. e5 Qg6 23. Qxg6 fxg6 24. Bg2 Bxg2 25. Kxg2 h5 26. h3 Nh6 27. Nxg5 Nd5 28. Nge6 Rdc8 29. Rc2 Nf7 30. Bc1 Nd8 31. Nf4 Nxf4+ 32. Bxf4 e6 33. Bg5 Kf7 34. Rd3 b6 35. Na6 Rb7 36. f4 Ke8 37. Nb4 Bf8 38. Bxd8 Bxb4 39. Bf6 Rd7 40. Kf3 Rcc7 41. Ke4 Rh7 42. Rd1 b5 43. Rdc1 Kd7 44. Rg1 Bf8 45. g4 hxg4 46. h4 c5 47. d5 exd5+ 48. Kxd5 Ke8 49. e6 Rh5+ 50. Bg5 a5 51. Rxg4 c4 52. bxc4 Rc5+ 53. Kd4 Rc6 54. c5 Rxe6 55. c6 Rd6+ 56. Ke3 Rxg5 57. Rxg5 Kd8 58. c7+ 1-0

[Event "FRA-ch U20"]
[Site "Le Grand Bornand"]
[Date "2003.??.??"]
[Round "8.7"]
[White "Templier, Nicolas"]
[Black "Debray, Christopher"]
[Result "1-0"]
[WhiteElo "2276"]
[BlackElo "2137"]
[PlyCount "97"]
[EventDate "2003.??.??"]
[EventType "swiss"]
[EventRounds "9"]
[EventCountry "FRA"]
[SourceTitle "EXT 2004"]
[Source "ChessBase"]
[SourceDate "2003.11.25"]
[SourceVersion "1"]
[SourceVersionDate "2003.11.25"]
[SourceQuality "1"]

1. d4 d5 2. c4 e6 3. Nc3 Nf6 4. Nf3 Nbd7 5. Bg5 c6 6. e3 Qa5 7. Nd2 Bb4 8. Qc2 dxc4 9. Bxf6 Nxf6 10. Nxc4 Qg5 11. a3 Bxc3+ 12. bxc3 0-0 13. Ne5 b6 14. h4 Qh6 15. g4 g5 16. Bg2 Bb7 17. f4 Nd5 18. Bxd5 cxd5 19. fxg5 Qg7 20. Nd7 Rfc8 21. Qd3 Rc7 22. Nf6+ Kh8 23. Kd2 Rac8 24. a4 e5 25. a5 e4 26. Qc2 Qf8 27. axb6 axb6 28. Qb2 Qd6 29. Nh5 Qc6 30. Ra3 Qc4 31. Nf4 Qc6 32. Rb3 b5 33. Rxb5 Qxc3+ 34. Qxc3 Rxc3 35. Rhb1 Rc2+ 36. Kd1 Bc6 37. Kxc2 Bxb5+ 38. Kd2 Bc4 39. Rb2 Ra8 40. Nh5 Ra2 41. Rxa2 Bxa2 42. Kc3 Bc4 43. Kb4 Be2 44. Nf6 Kg7 45. Kc5 h6 46. Kxd5 hxg5 47. hxg5 Kg6 48. Nxe4 Bxg4 49. Ke5 1-0

[Event "FRA-ch U20"]
[Site "Le Grand Bornand"]
[Date "2003.??.??"]
[Round "3.1"]
[White "Templier, Nicolas"]
[Black "Gozzoli, Yannick"]
[Result "1/2-1/2"]
[WhiteElo "2276"]
[BlackElo "2431"]
[PlyCount "80"]
[EventDate "2003.??.??"]
[EventType "swiss"]
[EventRounds "9"]
[EventCountry "FRA"]
[SourceTitle "EXT 2004"]
[Source "ChessBase"]
[SourceDate "2003.11.25"]
[SourceVersion "1"]
[SourceVersionDate "2003.11.25"]
[SourceQuality "1"]

1. d4 Nf6 2. c4 c6 3. Nc3 d5 4. Nf3 dxc4 5. a4 Bg4 6. Ne5 Bh5 7. Nxc4 e6 8. Qd3 c5 9. dxc5 Qxd3 10. exd3 Bxc5 11. Be3 Bb4 12. Be2 Bxe2 13. Kxe2 Nc6 14. Rab1 0-0 15. Na2 Be7 16. b4 Rfd8 17. Rhc1 Nd4+ 18. Kf1 Nf5 19. Ke2 Nd4+ 20. Kf1 Nf5 21. Ke2 Nd5 22. b5 Bf6 23. Bd2 h5 24. Nb4 Nxb4 25. Rxb4 Rd7 26. Be3 Bd4 27. Nd2 Rad8 28. Rb3 f6 29. Nf3 Bb6 30. Rbc3 e5 31. Ne1 Kf7 32. Rc8 Ke7 33. Rxd8 Rxd8 34. Nf3 Kd7 35. Nd2 Bxe3 36. fxe3 Rc8 37. Rxc8 Kxc8 38. Nb3 Kc7 39. d4 exd4 40. e4 Ne7 1/2-1/2

[Event "Glorney Cup"]
[Site "Hyerois"]
[Date "2001.07.10"]
[Round "4"]
[White "Templier, Nicolas"]
[Black "Galicek, Stanislav"]
[Result "1-0"]
[WhiteElo "2264"]
[BlackElo "2172"]
[PlyCount "47"]
[EventDate "2001.07.08"]
[EventType "team"]
[EventRounds "5"]
[EventCountry "FRA"]
[SourceTitle "EXT 2002"]
[Source "ChessBase"]
[SourceDate "2001.11.25"]
[SourceVersion "1"]
[SourceVersionDate "2001.11.25"]
[SourceQuality "1"]

1. d4 d5 2. c4 c6 3. Nf3 Nf6 4. Nc3 e6 5. Bg5 dxc4 6. a4 Bb4 7. e4 Qa5 8. Bd2 Nbd7 9. Bxc4 0-0 10. e5 Nd5 11. 0-0 Nxc3 12. bxc3 Bxc3 13. Ra3 Bxd2 14. Nxd2 Rd8 15. Rh3 Nf8 16. Ne4 Qb4 17. Qh5 Qe7 18. Bd3 h6 19. Nf6+ Kh8 20. Rg3 Nd7 21. Rxg7 Kxg7 22. Qg4+ Kh8 23. Qe4 Nf8 24. Qh4 1-0

[Event "FRA-ch U18 playoff2"]
[Site "Amiens"]
[Date "2001.04.15"]
[Round "11"]
[White "Libiszewski, Fabien"]
[Black "Templier, Nicolas"]
[Result "1-0"]
[WhiteElo "2255"]
[BlackElo "2223"]
[PlyCount "69"]
[EventDate "2001.04.??"]
[EventType "match"]
[EventRounds "3"]
[EventCountry "FRA"]
[SourceTitle "EXT 2005"]
[Source "ChessBase"]
[SourceDate "2004.11.15"]
[SourceVersion "1"]
[SourceVersionDate "2004.11.15"]
[SourceQuality "1"]

1. d4 e6 2. g3 f5 3. Bg2 Nf6 4. c4 d6 5. Nc3 Be7 6. Nf3 0-0 7. 0-0 Qe8 8. Nd2 e5 9. dxe5 dxe5 10. Nd5 Nxd5 11. cxd5 f4 12. Qb3 Bd6 13. Ne4 Nd7 14. Bd2 Nf6 15. Nxf6+ Rxf6 16. h3 Qe7 17. Rfc1 b6 18. Bb4 Bf5 19. Bxd6 cxd6 20. Rc4 fxg3 21. Qxg3 Rg6 22. Qe3 Rf8 23. Rac1 Qf6 24. Rf1 Rg5 25. f4 exf4 26. Rcxf4 Qg6 27. Qe6+ Qxe6 28. dxe6 Rf6 29. h4 Rh5 30. Bf3 Rhh6 31. Bd5 Bg6 32. e7+ Kh8 33. Rc1 Be8 34. Rc8 Rhg6+ 35. Kh2 1-0

[Event "FRA-ch U18 playoff2"]
[Site "Amiens"]
[Date "2001.04.15"]
[Round "13"]
[White "Templier, Nicolas"]
[Black "Libiszewski, Fabien"]
[Result "0-1"]
[WhiteElo "2223"]
[BlackElo "2255"]
[PlyCount "122"]
[EventDate "2001.04.??"]
[EventType "match"]
[EventRounds "3"]
[EventCountry "FRA"]
[SourceTitle "EXT 2005"]
[Source "ChessBase"]
[SourceDate "2004.11.15"]
[SourceVersion "1"]
[SourceVersionDate "2004.11.15"]
[SourceQuality "1"]

1. d4 d5 2. c4 Nc6 3. Nf3 Bg4 4. cxd5 Bxf3 5. gxf3 Qxd5 6. e3 e5 7. Nc3 Bb4 8. dxe5 Qxe5 9. Bd2 0-0-0 10. Qc2 Nd4 11. Qd1 Nf6 12. Be2 Nxe2 13. Qxe2 Qa5 14. f4 Rhe8 15. 0-0 Qf5 16. Kh1 Bxc3 17. Bxc3 Qxf4 18. Rg1 Qe4+ 19. Rg2 Nd5 20. Kg1 Qxg2+ 21. Kxg2 Nf4+ 22. Kf3 Nxe2 23. Kxe2 f6 24. Rg1 Rd7 25. Rg4 Re6 26. Rh4 h6 27. Ra4 a6 28. a3 Rb6 29. Re4 Kd8 30. Ke1 Rbd6 31. Ke2 b5 32. Kf3 Rd1 33. Re6 R7d6 34. Re4 Kd7 35. Rg4 g5 36. h4 Rh1 37. hxg5 hxg5 38. Re4 Rh8 39. Ke2 Re8 40. Rg4 Ke6 41. Rg2 Kf7 42. Rh2 Kg6 43. Rh1 c5 44. Rc1 c4 45. Bb4 Rd3 46. Bc3 f5 47. Rh1 f4 48. Rg1 fxe3 49. fxe3 Rexe3+ 50. Kf2 Rxc3 51. bxc3 Rxc3 52. Ra1 Kf5 53. Ke2 Ke4 54. Kd2 Rd3+ 55. Ke2 g4 56. Rg1 g3 57. Ra1 a5 58. Rb1 g2 59. Kf2 Rd2+ 60. Kg1 c3 61. Rxb5 c2 0-1

[Event "FRA-ch U18"]
[Site "Amiens"]
[Date "2001.04.14"]
[Round "8"]
[White "Wirig, Anthony"]
[Black "Templier, Nicolas"]
[Result "0-1"]
[WhiteElo "2233"]
[BlackElo "2223"]
[PlyCount "132"]
[EventDate "2001.04.07"]
[EventType "swiss"]
[EventRounds "9"]
[EventCountry "FRA"]
[SourceTitle "EXT 2005"]
[Source "ChessBase"]
[SourceDate "2004.11.15"]
[SourceVersion "1"]
[SourceVersionDate "2004.11.15"]
[SourceQuality "1"]

1. Nf3 Nf6 2. g3 e6 3. Bg2 d5 4. c4 Be7 5. 0-0 0-0 6. b3 b6 7. Bb2 Bb7 8. e3 c5 9. Qe2 Nc6 10. Rd1 dxc4 11. bxc4 Qc7 12. Nc3 Rac8 13. Ne1 Na5 14. Bxb7 Qxb7 15. d3 a6 16. Rab1 Rb8 17. Ba1 Rfd8 18. f4 Bf8 19. Rd2 Qc6 20. a4 Qc7 21. g4 Nc6 22. Qf3 Nb4 23. Rbd1 Qc6 24. Qh3 Ne8 25. Rg2 Nd6 26. Rdd2 b5 27. cxb5 axb5 28. g5 c4 29. Rg4 Nf5 30. d4 bxa4 31. Nf3 Nd5 32. g6 fxg6 33. Ne5 Qb6 34. Re2 Nxc3 35. Bxc3 Qb1+ 36. Kf2 Qe4 37. Nxc4 Qc6 38. e4 Qxc4 39. exf5 gxf5 40. Rh4 h6 41. Qg3 Rb3 42. Re3 Rb1 43. Re2 Rc1 44. Rh3 Kh7 45. Qe3 Rb1 46. Qxe6 Qxe6 47. Rxe6 Rb3 48. Rhe3 Rc8 49. Ba1 Rxe3 50. Rxe3 Rc1 51. Re1 Rxe1 52. Kxe1 Bd6 53. Ke2 Bxf4 54. h3 Kg6 55. Kd3 Kf7 56. Kc4 Bd6 57. Kb5 f4 58. Kc4 g5 59. Kd3 h5 60. Ke4 g4 61. hxg4 hxg4 62. Bc3 f3 63. Ke3 Ke6 64. Ba1 Kd5 65. Kd3 g3 66. Ke3 g2 0-1

[Event "FRA-ch Accession"]
[Site "Vichy"]
[Date "2000.08.21"]
[Round "6"]
[White "Templier, Nicolas"]
[Black "Guigonis, Dominique"]
[Result "1-0"]
[WhiteElo "2222"]
[BlackElo "2301"]
[PlyCount "45"]
[EventDate "2000.08.16"]
[EventType "swiss"]
[EventRounds "11"]
[EventCountry "FRA"]
[SourceTitle "EXT 2001"]
[Source "ChessBase"]
[SourceDate "2000.11.22"]
[SourceVersion "1"]
[SourceVersionDate "2000.11.22"]
[SourceQuality "1"]

1. d4 e6 2. c4 d5 3. Nc3 Nf6 4. Bg5 Be7 5. Nf3 a6 6. e3 Nbd7 7. Qc2 dxc4 8. Bxc4 b5 9. Bd3 c5 10. Bxf6 Bxf6 11. 0-0 Qb6 12. Bxh7 cxd4 13. Be4 Rb8 14. exd4 Bxd4 15. Nxd4 Qxd4 16. Rad1 Qe5 17. h3 Nf6 18. Bc6+ Ke7 19. Qd2 Bb7 20. Nxb5 Nd5 21. Rfe1 Qh5 22. Nd4 g5 23. Nxe6 1-0

[Event "Cannes op"]
[Site "Cannes"]
[Date "2000.02.25"]
[Round "6"]
[White "Paci, Cedric"]
[Black "Templier, Nicolas"]
[Result "1-0"]
[WhiteElo "2157"]
[BlackElo "2244"]
[PlyCount "81"]
[EventDate "2000.02.20"]
[EventType "swiss"]
[EventRounds "9"]
[EventCountry "FRA"]
[SourceTitle "EXT 2001"]
[Source "ChessBase"]
[SourceDate "2000.11.22"]
[SourceVersion "1"]
[SourceVersionDate "2000.11.22"]
[SourceQuality "1"]

1. Nf3 Nf6 2. c4 e6 3. g3 b6 4. Bg2 Bb7 5. d4 Be7 6. 0-0 0-0 7. d5 exd5 8. Nh4 d6 9. Nc3 g6 10. cxd5 Nbd7 11. e4 Re8 12. Be3 a5 13. Bd4 Nc5 14. Qc2 Ba6 15. Rfe1 Bf8 16. Rad1 Nfd7 17. f4 Bg7 18. Nf3 Bxd4+ 19. Rxd4 Qf6 20. a3 a4 21. Qd1 b5 22. Rb4 Rab8 23. Nd4 Rb6 24. Bf1 h5 25. Ndxb5 Reb8 26. Qe2 Qe7 27. Qf2 Nf8 28. Nd4 Qd7 29. Nc6 R8b7 30. e5 Bxf1 31. Qxf1 dxe5 32. fxe5 Rxc6 33. Rxb7 Nxb7 34. dxc6 Qxc6 35. Ne4 Nd7 36. Ng5 Qc5+ 37. Kg2 Qd5+ 38. Kh3 Nbc5 39. e6 Qxg5 40. Qxf7+ Kh8 41. exd7 1-0

[Event "FRA-ch qual"]
[Site "Bescanon"]
[Date "1999.08.25"]
[Round "8"]
[White "Karr, Jean Philippe"]
[Black "Templier, Nicolas"]
[Result "0-1"]
[WhiteElo "2321"]
[BlackElo "2226"]
[PlyCount "56"]
[EventDate "1999.08.18"]
[EventType "swiss"]
[EventRounds "11"]
[EventCountry "FRA"]
[SourceTitle "EXT 2000"]
[Source "ChessBase"]
[SourceDate "1999.11.16"]
[SourceVersion "1"]
[SourceVersionDate "1999.11.16"]
[SourceQuality "1"]

1. d4 Nf6 2. c4 e6 3. Nc3 Bb4 4. Qc2 c5 5. dxc5 Na6 6. a3 Bxc3+ 7. Qxc3 Nxc5 8. b4 Na4 9. Qb3 Ne4 10. Be3 Nb6 11. c5 Nd5 12. Bd4 b6 13. cxb6 Nxb6 14. Nf3 0-0 15. e3 Bb7 16. Bd3 Ng5 17. h4 Nxf3+ 18. gxf3 Bxf3 19. Rg1 g6 20. Rg3 Bd5 21. Qb2 Qxh4 22. Bf6 Qh1+ 23. Ke2 Qh5+ 24. Kd2 Bc4 25. Qd4 Bxd3 26. Qxd3 Rac8 27. Rag1 Nc4+ 28. Ke1 Ne5 0-1